000 00861nam a2200133Ia 4500
008 171212s9999 xx 000 0 und d
020 _a9780833041678
100 _aDavis, Lynn E.;Rough, Jill;Cecchine, Gary;Schaefer, Agnes Gereben;Rohn, Laurinda L.;Lynn E. Davis, ;Jill Rough, ;Gary Cecchine, ;Agnes Gereben Schaefer, ;Laurinda L. Zeman,
245 _cDavis, Lynn E.;Rough, Jill;Cecchine, Gary;Schaefer, Agnes Gereben;Rohn, Laurinda L.;Lynn E. Davis, ;Jill Rough, ;Gary Cecchine, ;Agnes Gereben Schaefer, ;Laurinda L. Zeman,
_aHurricane Katrina
_bLessons for Army Planning and Operations
260 _bRAND Corporation
_c2007
650 _aMilitary planning -- United States; Armed forces -- Civic action -- United States; Hurricane Katrina, 2005; Disaster relief -- Gulf States
650 _aPolitical Science
856 _uwww.jstor.org/stable/10.7249/mg603a
999 _c352164
_d352164